10 Poorest Countries in Asia Quiz Stats

 Plays Quiz Updated May 23, 2015

Challenge
Share
Tweet
Embed
Score 0/10 Timer 03:00
5 Plays Today
% Correct
Bangladesh
80.9%
Afghanistan
75.3%
Myanmar
73.6%
North Korea
71.2%
Cambodia
71.2%
Nepal
70.1%
Kyrgyzstan
63.7%
Tajikistan
63.2%
Yemen
53.1%
Pakistan
43%

You're not logged in!

Compare scores with friends on all Sporcle quizzes.
Join for Free
OR
Log In

You Might Also Like...

Show Comments

Extras

Top Quizzes Today


Score Distribution

Your Account Isn't Verified!

In order to create a playlist on Sporcle, you need to verify the email address you used during registration. Go to your Sporcle Settings to finish the process.

Report this User

Report this user for behavior that violates our Community Guidelines.

Details: